000 00837nam a2200229 a 4500
001 000024137
005 20200930022741.0
008 110119s1973 sp r 000 f spa d
020 _a8423915395
040 _aDO-SdBNP
_bspa
_cBNPHU
082 _a891.623
_bR353c
100 1 _aReid, Mayne,
_d1818-1883.
_949557
245 1 0 _aLos cazadores de plantas /
_cMayne Reid ; traducción por F. de Casas Gancedo.
260 _aMadrid, (España) :
_bEspasa-Calpe,
_c1973.
300 _a214, [18] p. ;
_c18 cm.
490 0 _aAustral. Roja: Novelas policíacas de aventuras y femeninas
_v1539
500 _aIncluye índice de autores
650 4 _aNovela irlandesa
_911511
650 4 _aLiteratura irlandesa
_911512
700 1 _aCasas Gancedo, F. de
_etr.
_949558
830 0 _aAustral
_pRoja: Novelas policiacas de aventuras y feminas
_n1539
_949559
999 _c23631
_d23631